Southville International School and Colleges
Your cart is empty.
  • Cart
  • Lists
    Public lists Eva Luna New books Lux_list list_1
    Your lists Log in to create your own lists
  • Log in to your account
  • Your cookies
  • Search history
Southville International School and Colleges
  • Advanced search
  • Recent comments
  • Most popular
  • Libraries

Log in to your account

Log in with GOOGLE


If you do not have an external account, but do have a local account, you can still log in:

  1. Home
  2. MARC view: Let's go : the budget guide to the pacific Northwest, Western Canada, & Alaska 1992 /
Normal view MARC view ISBD view

Let's go : the budget guide to the pacific Northwest, Western Canada, & Alaska 1992 / (Record no. 9588)

[ view plain ]
MARC details
000 -LEADER
fixed length control field 00736nam a22002057a 4500
003 - CONTROL NUMBER IDENTIFIER
control field OSt
005 - DATE AND TIME OF LATEST TRANSACTION
control field 20140310182124.0
008 - FIXED-LENGTH DATA ELEMENTS--GENERAL INFORMATION
fixed length control field 130828t xxu||||| |||| 00| 0 eng d
020 ## - INTERNATIONAL STANDARD BOOK NUMBER
International Standard Book Number 0312063997
020 ## - INTERNATIONAL STANDARD BOOK NUMBER
International Standard Book Number 9780312063993
050 ## - LIBRARY OF CONGRESS CALL NUMBER
Classification number F 852.3
Item number .L48 1992
082 ## - DEWEY DECIMAL CLASSIFICATION NUMBER
Classification number HS 971
Item number Le56 1991
245 ## - TITLE STATEMENT
Title Let's go : the budget guide to the pacific Northwest, Western Canada, & Alaska 1992 /
Statement of responsibility, etc Tim Whitmire, editor; Blythe N. Grossberg, Assistant editor; written by Harvard Student Agencies.
260 ## - PUBLICATION, DISTRIBUTION, ETC. (IMPRINT)
Place of publication, distribution, etc New York :
Name of publisher, distributor, etc St. Martin's Press,
Date of publication, distribution, etc 1991.
300 ## - PHYSICAL DESCRIPTION
Extent 455 p. ;
Dimensions 21 cm.
650 ## - SUBJECT ADDED ENTRY--TOPICAL TERM
Topical term or geographic name as entry element Canada
General subdivision Description and travel
-- guidebooks
9 (RLIN) 14232
651 ## - SUBJECT ADDED ENTRY--GEOGRAPHIC NAME
Geographic name Alaska Description & travel
General subdivision Guidebooks
9 (RLIN) 14233
942 ## - ADDED ENTRY ELEMENTS (KOHA)
Source of classification or shelving scheme Library of Congress Classification
Holdings
Withdrawn status Lost status Source of classification or shelving scheme Damaged status Home library Current library Shelving location Date acquired Total Checkouts Full call number Barcode Date last seen Copy number Price effective from Koha item type
    Library of Congress Classification   Luxembourg Library Luxembourg Library High School Section 08/28/2013   F 852.3 .L48 1992 9138 09/02/2015 1 08/28/2013 Books

Let's go : the budget guide to the pacific Northwest, Western Canada, & Alaska 1992 /

APA

(1991). Let's go : the budget guide to the pacific Northwest, Western Canada, & Alaska 1992. New York: St. Martin's Press.

Chicago

1991. Let's go : the budget guide to the pacific Northwest, Western Canada, & Alaska 1992. New York: St. Martin's Press.

Harvard

(1991). Let's go : the budget guide to the pacific Northwest, Western Canada, & Alaska 1992. New York: St. Martin's Press.

MLA

Let's go : the budget guide to the pacific Northwest, Western Canada, & Alaska 1992. New York: St. Martin's Press. 1991.

  • Place hold
  • Print
  • Cite
  • Add to your cart (remove)
  • Save record
    BIBTEX Dublin Core MARCXML MARC (non-Unicode/MARC-8) MARC (Unicode/UTF-8) MARC (Unicode/UTF-8, Standard) MODS (XML) RIS
  • More searches
    Search for this title in:
    Other Libraries (WorldCat) Other Databases (Google Scholar) Online Stores (Bookfinder.com) Open Library (openlibrary.org)

Exporting to Dublin Core...

SOUTHVILLE LIBRARY

Southville International School and Colleges Library

1281 Tropical Ave. Cor. Luxembourg St., BF Homes International, Las Pinas City

Tel. No. 8256374 / 252358 Loc. 117/146

Powered by Koha